El Comercio en Centroamérica /
Este trabajo recoge datos estadísticos -once cuadros y siete gráficos- correspondientes a las exportaciones centroamericanas, tanto internacionales como intrarregionales. Asimismo, se incluyen las principales políticas públicas en el campo económico vigentes en la región. Concretamente, el trabajo p...
Salvato in:
| Autore principale: | |
|---|---|
| Natura: | testo |
| Soggetti: | |
| Tags: |
Aggiungi Tag
Nessun Tag, puoi essere il primo ad aggiungerne!!
|
MARC
| LEADER | 00000 a a2200000 04500 | ||
|---|---|---|---|
| 001 | 14052 | ||
| 003 | |||
| 040 | |||
| 100 | |a Figueroa de Jain, Rethelny | ||
| 245 | |a El Comercio en Centroamérica / |c Rethelny Figueroa de Jain | ||
| 520 | |a Este trabajo recoge datos estadísticos -once cuadros y siete gráficos- correspondientes a las exportaciones centroamericanas, tanto internacionales como intrarregionales. Asimismo, se incluyen las principales políticas públicas en el campo económico vigentes en la región. Concretamente, el trabajo presenta: i-. Algunos datos concernientes a la puesta en práctica de políticas y su evolución respecto a la liberalización del comercio |a ii-. El incremento de las exportaciones en la región centroamericana, lo cual muestra el estímulo del comercio intrarregional |a y, iii-. Fecha de adhesión de los países centroamericanos al GATT, hoy llamada OMC. EBZ | ||
| 650 | |a GATT | ||
| 650 | |a COMERCIO INTRARREGIONAL | ||
| 650 | |a POLITICA GUBERNAMENTAL | ||
| 650 | |a POLITICA ECONOMICA | ||
| 650 | |a EXPORTACIONES | ||
| 650 | |a IMPORTACIONES | ||
| 650 | |a VALOR DE LAS EXPORTACIONES | ||
| 650 | |a VOLUMEN DE LAS EXPORTACIONES | ||
| 650 | |a PRECIOS DE IMPORTACIONES | ||
| 650 | |a VOLUMEN DE LAS IMPORTACIONES | ||
| 650 | |a BALANZA COMERCIAL | ||
| 773 | |g número 27; páginas 85-102 | ||
| 999 | |c 28128 |d 28128 | ||
